000 00785nam a2200265 a 4500
001 849
003 BR-CuiBMT
005 20231129064414.0
008 231121s2010 spba 000 0 por d
020 _a9788522457243
040 _aBR-CuiBMT
_cBR-CuiBMT
080 _22007
_a349.3
090 _a349.3
_bV617c
_c3. ed.
100 1 _aVianna, João Ernesto Aragonés
245 1 0 _aCurso de direito previdenciário /
_cJoão Ernesto Aragonés Vianna.
250 _a3. ed.
260 _aSão Paulo :
_bAtlas,
_c2010.
300 _a687 p. :
_bil. ;
_c24 cm
504 _aInclui bibliografia.
650 _aDireito previdenciário
_xlegislação
_zBrasil
650 _aBenefício previdenciário
_zBrasil
650 _aPrevidência social
650 _aSeguridade social
942 _2udc
_cLV
999 _c849
_d849